000 00415nam a2200145Ia 4500
008 161226s9999 xx 000 0 und d
040 _aPK-NaQUE
100 _a11CE40
100 _aAbdul Bari Kalochi
245 0 _aNumrical Analysis Of Immediate Setaltment & Defoomation Behaviour Of Multi Story Building
260 _aNawabshah
260 _bQUEST
260 _c2011
700 _aDepartment Of Civil Engineering
999 _c57229
_d57226